000 00846nam a2200217Ii 4500
003 JO-AjNU
008 230605s9999||||xx |||||||||||||| ||und||
017 _a1983/1/65
040 _aJO-AjNU
_bara
_erda
_cJO-AjNU
041 _aara
050 1 4 _aHG4028.B2. Z3597 1990
100 3 _aتأليف: رمضان، زياد,
_eauthor
_916729
245 0 0 _aاساسيات التحليل المالي في المنشآت التجارية والصناعية والخدماتية : تحليل ومناقشة الميزانيات
250 _aط3 مزيدة ومنقحة
264 3 1 _aعمان: المؤلف، 1990
300 _a276ص
_bيحتوي على ببلوغرافية من 275-276ص
336 _atext
_btxt
_2rdacontent
337 _aunmediated
_bn
_2rdamedia
338 _avolume
_bnc
_2rdacarrier
650 4 _aالمالية - تحليل
_916730
999 _aA5023
_c8591
_d8591